| 000 | 00688nam a2200157 i 4500 | ||
|---|---|---|---|
| 001 | 181010 | ||
| 003 | ES-MaACL | ||
| 005 | 20230906221239.0 | ||
| 008 | 121001s1916 phl |||| | spa d | ||
| 245 | 0 | 0 | _aExposición que eleva a S. M. el Rey el Casino Español de Manila y demás entidades españolas de Filipinas, en súplica de que se fomente la propaganda de nuestro idioma en este archipiélago y se conserve la comunicación directa y subvencionada con la antigua metrópoli. |
| 260 |
_aManila : _b[s.n.], _c1916. |
||
| 300 |
_a18 p. ; _c26 cm. |
||
| 650 | 0 | 4 |
_aLengua española- _zFilipinas. _9163191 |
| 710 | 2 |
_aCasino Español de Manila. _9151493 |
|
| 852 |
_aES-MaACL _j1522-F-10 |
||
| 999 |
_c181010 _d181010 |
||